000 00308nam a2200109 4500
008 160623b xxu||||| |||| 00| 0 eng d
100 _9660
_a MacDougall, M.S
245 _aBiology the Science of Life
260 _aN.Y
_b McGraw Hill Book.Com.Inc.
_c1943
300 _a McGraw Hill Book.Com.Inc.
942 _2ddc
_cBK
999 _c539
_d539